000 00585pab a2200181 454500
008 180718b2006 xxu||||| |||| 00| 0 eng d
100 _aFuwa, Nobuhiko et al.
245 _aIntroduction to a study of intrahousehold resource allocation and gender discrimination in rural Andhra Pradesh, India
260 _c2006
300 _ap.375-97.
362 _aDec
650 _aHouseholds - India - Andhra Pradesh
650 _aChild labour - India - Andhra Pradesh
650 _aWomen - India - Andhra Pradesh
650 _aWomen
773 _aThe Developing Economics
909 _a72159
999 _c72159
_d72159